| 000 | 02113nam a2200457 c 4500 | ||
|---|---|---|---|
| 003 | BLK | ||
| 005 | 20200827165150.0 | ||
| 008 | 180409b bul|||||r ||||||| ||bul|| | ||
| 010 | _aKNG00114922000 | ||
| 020 |
_a954-92411-4-3 _bиздат.: Бук Бутик |
||
| 040 | _aBLK | ||
| 041 |
_aBUL _cBUL |
||
| 072 | 7 |
_2bullib _aН79 _xСпорт Н |
|
| 080 |
_aКъмпинг. Лагеруване _b796.54 _x(036) _z796.54(036) |
||
| 080 |
_aСоциография. Социално положение. Условия на политическия и социалния живот. Социално и социално-икономическо положение на отделните страни, народи, раси. Социална география. (Общи въпроси) _b308 _x(497)(036) _z308(497)(036) |
||
| 700 | 1 |
_aПаскалев, Атанас _eфотогр. _9375664 |
|
| 139 |
_aКъмпинг на три морета _bК 96 |
||
| 245 | 1 | 0 |
_aКъмпинг на три морета _bБългария, Гърция, Турция, Хърватия _cфотогр. Атанас Паскалев. |
| 257 | _aBGR | ||
| 260 |
_аСофия _bБук Бутик _c2010 _fСофия : Дедракс |
||
| 300 |
_a168 с. _bс цв. ил. _c20 см |
||
| 380 | _a79 | ||
| 490 | 1 |
_aПоредица Пътеводител на българския пътешественик _v4 |
|
| 500 | _aПодзагл. означено на кор. | ||
| 650 | 4 |
_aТуризъм - Балкански полуостров - пътеводители _9311599 |
|
| 651 | 4 |
_aБалкански полуостров _9178567 |
|
| 651 | 4 |
_aБългария _9241624 |
|
| 651 | 4 |
_aГърция _9248438 |
|
| 651 | 4 |
_aТурция _9179691 |
|
| 651 | 4 |
_aХърватия _9179753 |
|
| 653 | _aтуризъм | ||
| 653 | _aкъмпинги | ||
| 653 | _aБалкански полуостров | ||
| 653 | _aпътеводители | ||
| 659 | _aН | ||
| 852 | _aЦб 255280 | ||
| 856 | 4 |
_qpdf _u |
|
| 856 | 4 |
_qpdf _u |
|
| 942 |
_cKNG _n0 _01 |
||
| 944 |
_aCR _c06.06.2012 _lф / _kМилена_Ачева |
||
| 944 |
_aED _c13.03.2017 _lф / _kЛюдмила_Стоянова |
||
| 999 |
_c109605 _d109605 |
||